[Event "GER-chT U20"]
[Site "Osnabrueck"]
[Date "2015.12.29"]
[Round "5.5"]
[White "Ender, Paul Marius"]
[Black "Groetzbach, Daniel"]
[Result "0-1"]
[WhiteElo "1620"]
[BlackElo "2042"]
[PlyCount "90"]
[EventDate "2015.12.27"]
[EventType "team-swiss"]
[EventRounds "7"]
[EventCountry "GER"]
[SourceTitle "EXT 2017"]
[Source "ChessBase"]
[SourceDate "2016.10.25"]
[SourceVersion "1"]
[SourceVersionDate "2016.10.25"]
[SourceQuality "1"]
[WhiteTeam "Potsdam"]
[BlackTeam "Hamburger SK"]
[WhiteTeamCountry "GER"]
[BlackTeamCountry "GER"]

1. e4 c5 2. Nf3 d6 3. d4 cxd4 4. Nxd4 Nf6 5. Nc3 a6 6. Be3 e5 7. Nb3 Be7 8. Be2 0-0 9. 0-0 Qc7 10. Rc1 Nbd7 11. Qd3 b5 12. Nd5 Nxd5 13. exd5 Nb6 14. f4 Bb7 15. Bf3 Nc4 16. fxe5 dxe5 17. Qc3 b4 18. Qe1 Nxb2 19. Be4 g6 20. Qg3 Nc4 21. Bh6 Rfd8 22. Kh1 Bf8 23. Bg5 Rd6 24. Rf2 Bxd5 25. Bd3 Bg7 26. Rcf1 a5 27. h4 a4 28. Nc1 Re8 29. h5 Nb2 30. h6 Bh8 31. Bf6 Bxf6 32. Rxf6 Qc6 33. Rxd6 Qxd6 34. Re1 Qf6 35. Bb5 Re6 36. c3 bxc3 37. Qxc3 Qh4+ 38. Kg1 Qd4+ 39. Qxd4 exd4 40. Rxe6 fxe6 41. Kf2 Nd1+ 42. Kf1 Nc3 43. Bd7 a3 44. Ke1 Nxa2 45. Kd2 Nb4 0-1

[Event "GER-chT U20"]
[Site "Naumburg Saale"]
[Date "2014.12.28"]
[Round "3.4"]
[White "Stricker, Florian"]
[Black "Ender, Paul Marius"]
[Result "1-0"]
[WhiteElo "2021"]
[BlackElo "1555"]
[PlyCount "71"]
[EventDate "2014.12.27"]
[EventType "team-swiss"]
[EventRounds "7"]
[EventCountry "GER"]
[SourceTitle "EXT 2016"]
[Source "ChessBase"]
[SourceDate "2015.10.08"]
[SourceVersion "1"]
[SourceVersionDate "2015.10.08"]
[SourceQuality "1"]
[WhiteTeam "Bochum"]
[BlackTeam "Potsdam USV"]
[WhiteTeamCountry "GER"]
[BlackTeamCountry "GER"]

1. d4 d5 2. c4 e6 3. Nf3 c6 4. Nc3 Bd6 5. Qc2 f5 6. g3 Nf6 7. Bg2 h6 8. cxd5 exd5 9. Nh4 Ne4 10. Ng6 Rg8 11. Ne5 Nd7 12. Nxe4 fxe4 13. Nxd7 Bxd7 14. f3 Bb4+ 15. Bd2 Bxd2+ 16. Qxd2 exf3 17. Bxf3 Qe7 18. 0-0-0 0-0-0 19. Kb1 Rgf8 20. Rc1 Kb8 21. Rc3 Bg4 22. Re3 Qd7 23. Rc1 Bxf3 24. exf3 Rde8 25. Rce1 Rxe3 26. Qxe3 Qf5+ 27. Ka1 Qxf3 28. Qe5+ Kc8 29. Qxg7 Qf2 30. Qe5 Qf6 31. Qe3 Kc7 32. a3 Kd8 33. Qc3 Kd7 34. Qb4 Kc8 35. Ka2 Qf7 36. Re7 1-0